Land, poverty and livelihoods in an era of globalization : (Record no. 18774)

000 -LEADER
fixed length control field 00905cam a22002897i 4500
020 ## - INTERNATIONAL STANDARD BOOK NUMBER
ISBN 0415414490 (hb)
020 ## - INTERNATIONAL STANDARD BOOK NUMBER
ISBN 9780415414494 (hb)
040 ## - CATALOGING SOURCE
Transcribing agency DLC
082 04 - DEWEY DECIMAL CLASSIFICATION NUMBER
Classification number 333 INT 1999 C152 Or.
245 00 - TITLE STATEMENT
Title Land, poverty and livelihoods in an era of globalization :
Remainder of title perspectives from developing and transition countries /
300 ## - PHYSICAL DESCRIPTION
Number of Pages xxi, 414 pages :
Other physical details illustrations, maps ;
Dimensions 25 cm.
490 1# - SERIES STATEMENT
Series statement Routledge ISS studies in rural livelihoods ;
650 #0 - SUBJECT ADDED ENTRY--TOPICAL TERM
Topical Term Land reform
650 #0 - SUBJECT ADDED ENTRY--TOPICAL TERM
Topical Term Rural poor
650 #0 - SUBJECT ADDED ENTRY--TOPICAL TERM
Topical Term Land use, Rural
650 #7 - SUBJECT ADDED ENTRY--TOPICAL TERM
Topical Term Land reform.
650 #7 - SUBJECT ADDED ENTRY--TOPICAL TERM
Topical Term Land use, Rural.
650 #7 - SUBJECT ADDED ENTRY--TOPICAL TERM
Topical Term Rural poor.
650 17 - SUBJECT ADDED ENTRY--TOPICAL TERM
Topical Term Grondpolitiek.
650 17 - SUBJECT ADDED ENTRY--TOPICAL TERM
Topical Term Armoede.
650 17 - SUBJECT ADDED ENTRY--TOPICAL TERM
Topical Term Bestrijding.
700 1# - ADDED ENTRY--PERSONAL NAME
Personal name Akram-Lodhi, A. Haroon,
700 1# - ADDED ENTRY--PERSONAL NAME
Personal name Borras, Saturnino M.
700 1# - ADDED ENTRY--PERSONAL NAME
Personal name Kay, Cristóbal.
856 41 - ELECTRONIC LOCATION AND ACCESS
Uniform Resource Identifier http://catdir.loc.gov/catdir/toc/ecip0617/2006022004.html
942 ## - ADDED ENTRY ELEMENTS (KOHA)
Koha item type ADB
952 ## - LOCATION AND ITEM INFORMATION (KOHA)
Withdrawn status [LOCAL, KOHA] 0
Holdings
Koha item type Source of acquisition Lost status Permanent Location Current Location Date acquired Full call number
សៀវភៅភាសាអង់គ្លេសA39341 Library Block CLibrary Block C2020-01-22333 INT 1999 C152 Or.
មជ្ឈមណ្ឌលឯការនៃសាកលវិទ្យាល័យភូមិន្ទកសិកម្មចំការដូង

Powered by Koha